Древнерусская живопись. Новые открытия: альбом репродукций

Մատենագիտական մանրամասներ
Այլ հեղինակներ: Ямщиков С. В. Савелий В. (редактор)
Ամփոփում:Текст парал. на русском и английском языке
Լեզու:ռուսերեն
Հրապարակվել է: Москва, Советский художник, 1965
Խորագրեր:
Ձևաչափ: MixedMaterials Գիրք
KOHA link:https://koha.lib.tpu.ru/cgi-bin/koha/opac-detail.pl?biblionumber=132258

MARC

LEADER 00000nam0a2200000 4500
001 132258
005 20231031134800.0
035 |a (RuTPU)RU\TPU\book\143205 
090 |a 132258 
100 |a 20080228d1965 m y0rusy50 ca 
101 0 |a rus 
102 |a RU 
105 |a a z 000zy 
200 1 |a Древнерусская живопись. Новые открытия  |e альбом репродукций  |f под ред. С. В. Ямщикова 
210 |a Москва  |c Советский художник  |d 1965 
215 |a 17 с.  |c ил. 
300 |a Текст парал. на русском и английском языке 
610 1 |a древнерусская живопись 
610 1 |a 13 век 
610 1 |a 14 век 
610 1 |a 15 век 
610 1 |a 16 век 
610 1 |a 17 век 
610 1 |a 18 век 
610 1 |a альбомы 
610 1 |a иконопись 
675 |a 75С1  |v 3 
702 1 |a Ямщиков  |b С. В.  |g Савелий В.  |4 340 
801 1 |a RU  |b 63413507  |c 20080228  |g PSBO 
801 2 |a RU  |b 63413507  |c 20090512  |g PSBO 
942 |c BK